| 000 | 01392nam a22002777a 4500 | ||
|---|---|---|---|
| 005 | 20250530161446.0 | ||
| 008 | 250414b |||||||| |||| 00| 0 eng d | ||
| 020 | _a9788131613863 | ||
| 040 |
_aSDCL _cSDCL |
||
| 041 |
_2eng _aeng |
||
| 084 | _aY15 R4 | ||
| 100 |
_aBhagwat, Vidyut _9592954 |
||
| 245 |
_aFeminist social thought : _bAn introduction to six key thinkers |
||
| 250 | _a2nd ed. | ||
| 260 |
_aNew Delhi : _bRawat Publications, _c2024. |
||
| 300 | _a415p. | ||
| 520 | _aFeminist Social Thought gives a real insight into the works of six noteworthy feminist thinkers, namely, Simone de Beauvoir, Betty Friedan, Kate Millett, Shulamith Firestone, Juliet Mitchell and Sheila Rowbotham. The text promises to be the much-needed handbook for teachers and students of feminist thought giving a clear understanding of the classics of second wave feminism. This book offers a comprehensive and coherent guide to second wave feminist thinkers for students of Women's Studies, Sociology, and Social and Literary Theory. | ||
| 650 |
_aFeminist ethics _9708106 |
||
| 650 |
_aSocial Science / Feminism & Feminist Theory _9811259 |
||
| 650 |
_aSocial Science / Gender Studies _9753077 |
||
| 650 |
_aSocial Science / Women's Studies _9811276 |
||
| 650 |
_aWomen -- Social conditions _917365 |
||
| 650 | _aFeminist theory | ||
| 942 |
_2CC _cTEXL _n0 |
||
| 999 |
_c1308957 _d1308957 |
||